Polt̕ica y crisis en Amřica Latina Reaccin̤ e impacto frente a la COVID-19 /

Detalles Bibliográficos
Autor principal: Mart ̕I Puig, Salvador
Otros Autores: Alcǹtara Sèz, Manuel
Formato: eBook
Lenguaje:español
Publicado: Madrid: Marcial Pons, 2020
Materias:
Acceso en línea:Acceso restringido

MARC

LEADER 00000nam a22000007a 4500
005 20211101215149.0
007 cr|||| ||||
008 211101s2020 ea |||||s|||| 00||0 spa d
020 |a 978-84-1381-011-9 
035 |a 33574 
040 |a vLex 
090 |c 12619  |d 12619 
100 1 |a Mart ̕I Puig, Salvador 
245 1 0 |a Polt̕ica y crisis en Amřica Latina  |h [Recurso electrn̤ico] :  |b Reaccin̤ e impacto frente a la COVID-19 /  |c Salvador Mart ̕I Puig, Manuel Alcǹtara Sèz 
256 |a Servicio en ln̕ea 
260 |a Madrid:  |b Marcial Pons,  |c 2020 
300 |a 1 recurso electrn̤ico 
506 1 |a Disponible solo en los productos indicados  |d vLex Global  |d vLex Global (Academic Edition, excluding Law Schools)  |d vLex Global (U.S. Academic Edition, Law Schools)  |d vLex Global (U.S. Academic Edition, excluding Law Schools)  |d vLex Global (Academic Edition, Law Schools) 
650 0 4 |a Ciencias sociales  |z Espaą 
700 1 |a Alcǹtara Sèz, Manuel 
740 0 |a vLex Libros (Servicio en ln̕ea) 
856 4 0 |u https://app.vlex.com/#/sources/33574  |z Acceso restringido 
942 |c BOOK 
999 0 |a Social Sciences